000 00782nam a2200253 i 4500
001 bg
100 1 _aKALISZCZAK, Mirosław
245 1 0 _aPrzydatność diagnostyki obrazowej w kryminalistyce /
_cMirosław Kaliszczak.
260 _aCzęstochowa :
_bWydaw. PC,
_c2001.
300 _a179 s. :
_bil. ;
_c24 cm.
490 1 _aMonografie / Politechnika Częstochowska,
_x0860-5017 ;
_vnr 72
500 _aStreszcz. ang., ros.
504 _aBibliogr.
650 9 _aDiagnostyka obrazowa
650 9 _aKryminalistyka
_xmetody
830 0 _aMonografie (Politechnika Częstochowska) ;
_vnr 72
020 _a8371931123
040 _cBPK
041 0 _apl
_benru
080 _a616.71-07:343.98
920 _a83-7193-112-3
942 _cKS
008 s pl f |000 0 pol
999 _c39589
_d39589
856 _uhttp://koha.tu.koszalin.pl/cgi-bin/koha/opac-detail.pl?biblionumber=39589
_yKatalog online BPK